00485nam a2200145Ia 4500008004100000041000800041082001400049100001800063245004500081260003700126300003000163365000900193999001500202952012200217240624s9999 xx 000 0 und d aeng a158.7 BAR aBAR ON REUVEN aHANDBOOK OF EMOTIONAL INTELLIGENCE THEOR c2000aSan FranciscobJossey-Bass axv, : 528 : p. : cm. ; 24 cb28 c7373d7373 00104070aIMTNbIMTNcRack 1-Bd2007-11-20eBWEg79.95o158.7 BARp7373r2024-06-24 00:00:00t39.08w2024-06-24yBK